| 000 | 00335nam a2200109Ia 4500 | ||
|---|---|---|---|
| 008 | 171211s9999 xx 000 0 und d | ||
| 245 | _aDrawing for the Absolute Beginner: A Clear & Easy Guide to Successful Drawing | ||
| 245 | _cF&W Media | ||
| 260 | _c2006 | ||
| 650 | _xDrawing | ||
| 856 | _uhttp://down.ebook777.com/005/1581807899.pdf | ||
| 999 |
_c348020 _d348020 |
||